书目信息 |
| 题名: |
中国地理速读
|
|
| 作者: | 张羿 编著 | |
| 分册: | ||
| 出版信息: | 北京 华文出版社 2009.07 |
|
| 页数: | 214页 | |
| 开本: | 25cm | |
| 丛书名: | 图说经典 | |
| 单 册: | ||
| 中图分类: | K92-49 | |
| 科图分类: | ||
| 主题词: | 地理--De Li--中国--通俗读物 | |
| 电子资源: | ||
| ISBN: | 978-7-5075-2665-3 | |
| 000 | 00869nam 2200241 450 | |
| 001 | CAL 012009138379 | |
| 005 | 20111228162126.76 | |
| 010 | @a978-7-5075-2665-3@dCNY29.80 | |
| 100 | @a20110924d2009 ekmy0chiy50 ea | |
| 101 | 0 | @achi |
| 102 | @aCN@b110000 | |
| 105 | @aabk z 000yy | |
| 200 | 1 | @a中国地理速读@AZhong Guo De Li Su Dou@f张羿编著 |
| 210 | @a北京@c华文出版社@d2009.07 | |
| 215 | @a214页@c彩图, 地图@d25cm | |
| 225 | 2 | @a图说经典@ATu Shui Jing Dian@i彩色速读系列丛书 |
| 330 | @a本书共分为"走遍中国"和"地理知识简介"两大部分,分别介绍了中国各省、自治区、直辖市、特别行政区的相关地理知识,以及中国的各民族与行政区划等。 | |
| 410 | 0 | @12001 @a图说经典@i彩色速读系列丛书 |
| 606 | 0 | @a地理@ADe Li@y中国@j通俗读物 |
| 690 | @aK92-49@v5 | |
| 701 | 0 | @a张羿@AZhang Yi@4编著 |
| 801 | 0 | @aCN@bHNDDDT@c20111228 |
| 905 | @a郑州市财税学校图书馆@dK92-49@eZ2231@f6 | |
| 中国地理速读/张羿编著.-北京:华文出版社,2009.07 |
| 214页:彩图, 地图;25cm.-(图说经典.彩色速读系列丛书) |
| ISBN 978-7-5075-2665-3:CNY29.80 |
| 本书共分为"走遍中国"和"地理知识简介"两大部分,分别介绍了中国各省、自治区、直辖市、特别行政区的相关地理知识,以及中国的各民族与行政区划等。 |
| ● |
| 相关链接 |
|
|
|
正题名:中国地理速读
索取号:K92-49/Z2231
 
预约/预借
| 序号 | 登录号 | 条形码 | 馆藏地/架位号 | 状态 | 备注 |
| 1 | 1186345 | 211863456 | 社科库309/309社科库 13排4列3层/ [索取号:K92-49/Z2231] | 在馆 | |
| 2 | 1186346 | 211863465 | 社科库309/309社科库 13排4列3层/ [索取号:K92-49/Z2231] | 在馆 | |
| 3 | 1186347 | 211863474 | 社科库309/309社科库 13排4列3层/ [索取号:K92-49/Z2231] | 在馆 | |
| 4 | 1191048 | 211910486 | 社科库309/309社科库 13排4列3层/ [索取号:K92-49/Z2231] | 在馆 | |
| 5 | 1191049 | 211910495 | 社科库309/309社科库 13排4列3层/ [索取号:K92-49/Z2231] | 在馆 | |
| 6 | 1191050 | 211910501 | 社科库309/309社科库 13排4列3层/ [索取号:K92-49/Z2231] | 在馆 |